Eastern Utah Libraries Catalog: Duchesne, Heber, Roosevelt, & Vernal

The Berenstain bears and the spooky old tree / (Record no. 135609)

MARC details
000 -LEADER
fixed length control field 01242cam a2200337 a 4500
008 - FIXED-LENGTH DATA ELEMENTS--GENERAL INFORMATION
fixed length control field 021015t20021978nyua b 000 1 eng d
020 ## - INTERNATIONAL STANDARD BOOK NUMBER
International Standard Book Number 9780394939100 (lib. bdg.)
020 ## - INTERNATIONAL STANDARD BOOK NUMBER
International Standard Book Number 0394939107 (lib. bdg.)
040 ## - CATALOGING SOURCE
Original cataloging agency KyLxBWI
Transcribing agency KyLxBWI
Modifying agency KyLxBWI
050 04 - LIBRARY OF CONGRESS CALL NUMBER
Classification number PZ7.B4483
Item number Bek 2002
082 04 - DEWEY DECIMAL CLASSIFICATION NUMBER
Classification number [E]
Edition number 22
035 ## - SYSTEM CONTROL NUMBER
System control number (IMchF)fol08706452
005 - DATE AND TIME OF LATEST TRANSACTION
control field 20241220143341.0
001 - CONTROL NUMBER
control field 49518
003 - CONTROL NUMBER IDENTIFIER
control field DCL
100 1# - MAIN ENTRY--PERSONAL NAME
Personal name Berenstain, Stan,
Dates associated with a name 1923-
9 (RLIN) 6289337
245 14 - TITLE STATEMENT
Title The Berenstain bears and the spooky old tree /
Statement of responsibility, etc Stan and Jan Berenstain.
260 ## - PUBLICATION, DISTRIBUTION, ETC. (IMPRINT)
Place of publication, distribution, etc New York :
Name of publisher, distributor, etc Beginner Books,
Date of publication, distribution, etc [2002], c1978.
300 ## - PHYSICAL DESCRIPTION
Extent 1 v. (unpaged) :
Other physical details col. ill. ;
Dimensions 24 cm.
440 #0 - SERIES STATEMENT/ADDED ENTRY--TITLE
Title Bright & early book ;
Volume number/sequential designation BE 23
9 (RLIN) 1118
500 ## - GENERAL NOTE
General note "The Berenstain Bears 40th anniversary"--Cover.
500 ## - GENERAL NOTE
General note Originally published: Random House, 1978.
520 ## - SUMMARY, ETC.
Summary, etc One by one, three brave little bears have second thoughts about exploring the interior of a spooky old tree.
650 #0 - SUBJECT ADDED ENTRY--TOPICAL TERM
Topical term or geographic name as entry element Bears
Form subdivision Juvenile fiction.
9 (RLIN) 5674588
650 #0 - SUBJECT ADDED ENTRY--TOPICAL TERM
Topical term or geographic name as entry element Trees
Form subdivision Juvenile fiction.
9 (RLIN) 5693296
650 #1 - SUBJECT ADDED ENTRY--TOPICAL TERM
Topical term or geographic name as entry element Bears
Form subdivision Fiction.
9 (RLIN) 5674592
650 #1 - SUBJECT ADDED ENTRY--TOPICAL TERM
Topical term or geographic name as entry element Trees
Form subdivision Fiction.
9 (RLIN) 5703932
650 #1 - SUBJECT ADDED ENTRY--TOPICAL TERM
Topical term or geographic name as entry element Stories in rhyme.
9 (RLIN) 6289338
700 1# - ADDED ENTRY--PERSONAL NAME
Personal name Berenstain, Jan,
Dates associated with a name 1923-
9 (RLIN) 10313
942 ## - ADDED ENTRY ELEMENTS (KOHA)
Koha item type UNKNOWN
Holdings
Withdrawn status Lost status Source of classification or shelving scheme Damaged status Not for loan Collection code Home library Current library Shelving location Date acquired Source of acquisition Total Checkouts Total Renewals Full call number Barcode Date last seen Date checked out Cost, replacement price Price effective from Koha item type
    Dewey Decimal Classification     Children Holiday Books Wasatch County Library Wasatch County Library Main Floor Childrens Area 10/20/2025 Amazon 1 1 E Halloween Berenstain 34301002170522 11/12/2025 10/20/2025 9.99 10/20/2025 BOOK
This project was made possible through a grant from the Institute of Museum and Library Service administered by the Utah State Library Division.

Wasatch County Library

  • 465 East 1200 South, Heber City, Utah 84032
  • Phone 435-654-1511 | Fax 435-654-6456

Hours

  • Monday - Friday 9:30 AM - 8:00 PM
  • Saturday 9:30 AM - 1:30 PM
  • Closed Sundays and Holidays